Sangarsh aur swabhiman ke prateek maharana pratap (Record no. 440107)

000 -LEADER
fixed length control field 00352cam a22001217a 4500
008 - FIXED-LENGTH DATA ELEMENTS--GENERAL INFORMATION
fixed length control field 180718b2001 xxu||||| |||| 00| 0 eng d
020 ## - INTERNATIONAL STANDARD BOOK NUMBER
International Standard Book Number 81 85809 63 1
100 ## - MAIN ENTRY--PERSONAL NAME
Personal name Rani, Belaa
245 ## - TITLE STATEMENT
Title Sangarsh aur swabhiman ke prateek maharana pratap
Statement of responsibility, etc. by Belaa Rani
260 ## - PUBLICATION, DISTRIBUTION, ETC.
Place of publication, distribution, etc. Jaipur
Name of publisher, distributor, etc. Sablime Publication
Date of publication, distribution, etc. 2001
300 ## - PHYSICAL DESCRIPTION
Extent 188p.
650 ## - SUBJECT ADDED ENTRY--TOPICAL TERM
Topical term or geographic name entry element Maharana pratap
Holdings
Withdrawn status Lost status Damaged status Not for loan Permanent Location Current Location Date acquired Barcode Date last seen Price effective from Koha item type
        Indian Institute of Public Administration Indian Institute of Public Administration 2010-05-10 77127 2018-07-21 2018-07-21 Book

Powered by Koha